Russia in Eurovision (1994-2021) - Statistics

General Stats
  • This quiz has been taken 4 times
  • The average score is 18 of 24
Answer Stats
Year Song title Result % Correct
2015 A Million Voices 2
100%
2008 Believe 1
100%
2018 I Won't Break 15 (SF)
100%
2021 Russian Woman 9
100%
2019 Scream 3
100%
2014 Shine 7
100%
2013 What If 5
100%
2016 You Are the Only One 3
100%
2004 Believe Me 11
67%
2011 Get You 16
67%
2001 Lady Alpine Blue 12
67%
2010 Lost and Forgotten 11
67%
2009 Mamo 11
67%
2006 Never Let You Go 2
67%
2003 Ne ver', ne boysia 3
67%
2005 Nobody Hurt No One 15
67%
2002 Northern Girl 10
67%
2012 Party for Everybody 2
67%
1997 Primadonna 15
67%
2000 Solo 2
67%
2007 Song #1 3
67%
2020 Uno N/A
67%
1994 Vechny strannik 9
67%
1995 Kolybelnaya dlya vulkana 17
0%
No matching quizzes found
Score Distribution
Percent of People with Each Score
Percentile by Number Answered
Your Score History
You have not taken this quiz